000
00278nam a2200121Ia 4500
005
20251222155209.0
008
251222s9999||||xx |||||||||||||| ||spa||
082
_a
LEN.66
100
_a
Seguin Carlos Alberto.
245
0
_a
TĂș y la medicina
264
_b
No tiene
942
_c
LIB
999
_c
40214
_d
40214